Szczegóły MARC21

Lourdes /

005 -DATA I CZAS OSTATNIEJ MODYFIKACJI [,]
    • @
    • pole kontrolne
    • 20110316132311.0
020 -Międzynarod. znormalizowany nr książki - ISBN [ , ]
    • a
    • Numer ISBN
    • 9788361809470 Find
020 -Międzynarod. znormalizowany nr książki - ISBN [ , ]
    • a
    • Numer ISBN
    • 9788361809357 (seria) Find
040 -Instytucja sporządzająca opis [ , ]
    • a
    • Instytucja, która sporządziła opis (NP)
    • SZCZ U/DL
    • c
    • Instytucja, która sporządziła rekord (NP)
    • SZCZ U/DL
    • d
    • Instytucja, która zmodyfikowała rekord (P)
    • SZCZ U/MS
041 -Język dokumentu [0, ]
    • a
    • Język tekstu (P)
    • polski
044 -Kraj miejsca wydania [ , ]
    • a
    • Kraj miejsca wydania
    • Polska
942 -Rodzaj dokumentu [ , ]
    • c
    • Rodzaj dokumentu
    • Książka
100 -Hasło główne - nazwa osobowa [1, ]
    • 9
    • KHW
    • 22699
    • a
    • Nazwa osobowa (NP)
    • Szymborska, Monika.
245 -Strefa tytułu i oznaczenia odpowiedzialności [1,0]
    • a
    • Tytuł
    • Lourdes / Find
    • c
    • Pozostałe elementy strefy tytułu i oznaczenia odpowiedzialności (NP)
    • [tekst Monika Szymborska, Wiktor Szymborski].
260 -Strefa adresu wydawniczego [ , ]
    • a
    • Miejsce wydania (P)
    • Warszawa :
    • b
    • Nazwa wydawcy (P)
    • Mediaprofit,
    • c
    • Data wydania (P)
    • 2011.
300 -Strefa opisu fizycznego [ , ]
    • a
    • Określenie formy książki i/lub objętość (NP)
    • 255, [1] s. :
    • b
    • Oznaczenie ilustracji (NP)
    • il. ;
    • c
    • Format (NP)
    • 23 cm.
490 -Strefa serii i książki wielotomowej - forma nie do wyszukiwania [1, ]
    • a
    • Tytuł (P)
    • Miejsca święte ; Find
    • v
    • Numeracja (P)
    • 12
490 -Strefa serii i książki wielotomowej - forma nie do wyszukiwania [1, ]
    • a
    • Tytuł (P)
    • Biblioteka Gazety Wyborczej Find
830 -Hasło dodatkowe serii i opisu książki wielotomowej - tytuł ujednolicony/tytuł [ ,0]
    • 9
    • KHW
    • 21021
    • a
    • Tytuł ujednolicony/tytuł (NP)
    • Biblioteka Gazety Wyborczej.
    • v
    • Oznaczenie tomu (NP)
    • 12
    • p
    • Nazwa części/podserii/sekcji (P)
    • Miejsca święte
830 -Hasło dodatkowe serii i opisu książki wielotomowej - tytuł ujednolicony/tytuł [ ,0]
    • 9
    • KHW
    • 22703
    • a
    • Tytuł ujednolicony/tytuł (NP)
    • Biblioteka Gazety Wyborczej
500 -Uwaga ogólna [ , ]
    • a
    • Uwaga ogólna (NP)
    • Plan Lourdes na wyklejce.
504 -Uwaga dot. bibliogr. załącznikowej [ , ]
    • a
    • Uwaga dot. bibliografii załącznikowej
    • Ind.
080 -Uniwersalna Klasyfikacja Dziesiętna [ , ]
    • 2
    • Identyfikator wydania tablic
    • UDC-P058
    • 9
    • UKD
    • 2503
    • a
    • Symbol klasyfikacji
    • 2-5
    • b
    • Dopowiedzenie
    • Kult. Ryty i ceremonie religijne. Miejsca święte.
    • 4
    • UKD2
    • 8070
    • x
    • Poddział wspólny
    • (44)
    • c
    • Dopowiedzenie poddz. wspólnego
    • (Francja).
    • 4
    • UKD2
    • 8241
    • x
    • Poddział wspólny
    • "18/19"
    • c
    • Dopowiedzenie poddz. wspólnego
    • Wiek XIX/XX.
    • 4
    • UKD2
    • 8782
    • x
    • Poddział wspólny
    • (036)
    • c
    • Dopowiedzenie poddz. wspólnego
    • (Przewodniki o charakterze praktycznym lub opisowym).
980 -Symbol UKD [ , ]
    • a
    • UKD
    • 2-5(44)"18/19"(036)Lourdes
700 -Hasło dodatkowe - nazwa osobowa [1, ]
    • 9
    • KHW
    • 22702
    • a
    • Nazwa osobowa (NP)
    • Szymborski, Wiktor Find
    • d
    • Daty biograficzne (NP)
    • (1981- ).
920 -ISBN [ , ]
    • a
    • ISBN
    • 978-83-61809-47-0 Find
920 -ISBN [ , ]
    • a
    • ISBN
    • 978-83-61809-35-7 (seria) Find
Data inwentaryzacji Lokalizacja Status udost. Numer inwentarzowy Sygnatura
2011-02-02T1T.11326T.11326